000 01517nac a22003377a 4500
001 BR8001709
003 BR-BrBNA
005 20240105114629.0
008 230509b bl.|||m| |||| 00| 0 por d
040 _aBR-BrBNA
_bpor
_cBiblioteca Nacional de Agricultura
072 _aF00
090 _a1930 BR8001709
100 1 _aPimentel, D.M.
100 1 _aZimmer, A.H.
100 1 _aValle, C.B. do
110 1 _aCentro Nacional de Pesquisa de Gado de Corte, Campo Grande, MS (Brasil)
_91771
245 1 _aEfeito da epoca de semeadura sobre o estabelecimento do capim maranga (Setaria anceps stapf cv. kazungula)em tres consorciacoes com as leguminosas centrosema (Centrosema pubescens Benth.), siratro (Macroptilium atropurpureum (D.C.)URB.)E ESTILOSANTES (Stylosanthes capitata vog.)
246 1 _a[Effect of sowing time on the establishment of "maranga" grass (Setaria anceps Stapf cv. kazungula)in three associations with centrosema leguminosae (Centrosema pubescens Benth), siratro (Macroptilium atropurpureum (D.C.)Urb)and Stylosanthes capitata vog.)]
260 3 _aCampo Grande, MS (Brasil):
_c1979.
300 _a2 p.
490 _aPesquisa em Andamento - Centro Nacional de Pesquisa de Gado de Corte (Brazil)
_vno. 13
_x
650 _aProducao vegetal
650 _aCapim maranga
650 _aCentrosema
650 _aSiratro
650 _aStilosante
650 _aSemeadura
650 _aConsorciacao de cultura
909 _a202312
_bLúcia Elande
_c55
_dLúcia Elande
942 _2AGRIS
_n0
_cMS
999 _c270436
_d270436